Squadre con più Vittorie in Serie B - Statistics

Statistiche generali
  • Questo quiz è stato fatto 31 volte
    5 dall'ultimo reset
  • Il punteggio medio è 9 su 15
Statistiche sulle risposte
Vittorie Squadra % Corretto
668 Bari
100%
478 Genoa
100%
933 Brescia
80%
508 Venezia
80%
488 Vicenza
80%
431 Lecce
60%
584 Palermo
60%
501 Pescara
60%
506 Pisa
60%
748 Verona
60%
499 Como
40%
645 Modena
40%
470 Monza
40%
512 Padova
40%
458 Novara
20%
Nessun quiz corrispondente trovato
Distribuzione punteggi
Percentuale di utenti per punteggio
Percentile per numero di risposta
I tuoi punteggi nel tempo
Non hai fatto questo quiz dall'ultimo reset